000 00276nam a2200109Ia 4500
008 171211s9999 xx 000 0 und d
245 _aAgni: Way of Fire
245 _cBruce Lyon
260 _c2004
650 _xFITNESS
856 _uhttp://down.ebook777.com/063/0476009383.pdf
999 _c349040
_d349040